000 00544nam a2200193 a 4500
001 000028231
005 20200930031447.0
008 110407s2006 dr a 000 | spa d
020 _a9945130293
040 _aDO-SdBNP
_bspa
_cBNPHU
082 _axxx
_bK647m
100 1 _akleiza, olga
_955217
245 1 3 _aLa migraña :
_bcontrol y tratamiento /
_cOlga Kleiza.
260 _aSanto Domingo :
_bGrupo Editorial Fénix,
_c2006.
300 _a43 p. :
_bil. ;
_c21 cm.
490 1 _aSalud y vida
830 0 _aSalud y vida
_922156
049 _aBNPD
999 _c27723
_d27723